Poder y utopía. Parte 2: los proyectos políticos hoy en América Latina /
Guardat en:
| Autor principal: | |
|---|---|
| Autor corporatiu: | |
| Format: | Actes de congresos |
| Etiquetes: |
Afegir etiqueta
Sense etiquetes, Sigues el primer a etiquetar aquest registre!
|
MARC
| LEADER | 00000 a a2200000 04500 | ||
|---|---|---|---|
| 001 | 45043 | ||
| 003 | |||
| 040 | |||
| 100 | |a Poitevin, René | ||
| 111 | |a Encuentro de científicos sociales y teólogos sobre el tema " El discernimiento de las utopías", 2 | ||
| 245 | |a Poder y utopía. Parte 2: los proyectos políticos hoy en América Latina / |c René Poitevin | ||
| 773 | |g páginas 153-170 | ||
| 999 | |c 20078 |d 20078 | ||
